000 00595nam a2200229Ia 4500
003 OSt
005 20220918195250.0
006 a|||||r|||| 00| 0
007 ta
008 220917b |||||||| |||| 00| 0 eng d
024 _a84,406
037 _cTextual
040 _aARTS
_cARTS
_beng
041 _2eng
_aeng
082 _aS8, L2
100 _aLaking Martin
_989863
245 0 _aInterpersonal encounter
_b theory and practice in senstivity training
260 _c1972
650 _aSOCIAL PSYCHOLOGY
942 _hS8, L2
_cTEXL
_2CC
999 _c208120
_d208120